[Event "Wloclawek-ch"]
[Site "Wloclawek"]
[Date "2020.??.??"]
[Round "3"]
[White "Muzalewski, Slawomir"]
[Black "Lebiedzinski, Maciej"]
[Result "1/2-1/2"]
[WhiteElo "1418"]
[BlackElo "1537"]
[PlyCount "110"]
[EventDate "2020.09.??"]
[EventType "swiss"]
[EventRounds "7"]
[EventCountry "POL"]
[SourceTitle "EXT 2021"]
[Source "ChessBase"]
[SourceDate "2020.10.23"]
[SourceVersion "1"]
[SourceVersionDate "2020.10.23"]
[SourceQuality "1"]

1. e4 c5 2. Nf3 d6 3. c3 Nc6 4. d4 cxd4 5. cxd4 e6 6. Nc3 Be7 7. d5 exd5 8. Nxd5 Nf6 9. Nc3 0-0 10. h3 Qa5 11. Bd2 Qh5 12. Be2 Qc5 13. Rc1 Qb6 14. Qc2 Be6 15. Ng5 Nd4 16. Qb1 Nxe2 17. Nxe2 Rfc8 18. 0-0 Bc4 19. Rfe1 Qa6 20. Nc3 Bd3 21. Qa1 h6 22. Nf3 Rc4 23. e5 dxe5 24. Nxe5 Rc7 25. Nxd3 Qxd3 26. Rcd1 Qf5 27. Be3 b6 28. a3 Re8 29. Qa2 Bc5 30. Bxc5 Rxe1+ 31. Rxe1 Rxc5 32. Re7 Nd5 33. Re8+ Kh7 34. Ne2 Nf6 35. Re7 Nd5 36. Re8 Nf4 37. Qa1 Qg5 38. Nxf4 Qxf4 39. Re1 Rc2 40. Rf1 Qd2 41. b4 g6 42. Qd1 Kg7 43. Qxd2 Rxd2 44. Rc1 Rd3 45. Ra1 g5 46. a4 a5 47. bxa5 bxa5 48. Kf1 Rb3 49. Ke2 Rb4 50. Ra2 f5 51. Kd3 h5 52. Kc3 g4 53. hxg4 fxg4 54. Kd3 Kg6 55. Ke3 Kg5 1/2-1/2

[Event "Wloclawek CC Classic 22nd"]
[Site "Wloclawek"]
[Date "2019.??.??"]
[Round "2"]
[White "Jablonski, Miroslaw"]
[Black "Lebiedzinski, Maciej"]
[Result "1-0"]
[WhiteElo "1907"]
[BlackElo "1544"]
[PlyCount "101"]
[EventDate "2019.04.??"]
[EventType "swiss"]
[EventRounds "7"]
[EventCountry "POL"]
[SourceTitle "EXT 2021"]
[Source "ChessBase"]
[SourceDate "2020.10.23"]
[SourceVersion "1"]
[SourceVersionDate "2020.10.23"]
[SourceQuality "1"]

1. d4 d5 2. Nf3 Nf6 3. e3 Bg4 4. c4 e6 5. Qb3 Qc8 6. Ne5 Bh5 7. Nc3 c6 8. Bd3 Nbd7 9. f4 Be7 10. h3 dxc4 11. Qxc4 Nxe5 12. fxe5 Nd5 13. 0-0 Bg5 14. Ne4 Be7 15. Nd6+ Bxd6 16. exd6 Qd7 17. e4 Nb6 18. Qc5 Bg6 19. Bf4 0-0 20. a4 Rad8 21. Rfd1 Nc8 22. e5 Bxd3 23. Rxd3 b6 24. Qc2 f6 25. Bg3 a6 26. Rc3 Na7 27. b4 f5 28. Re1 f4 29. Bh4 Rc8 30. Be7 Rf7 31. Qe4 Rxe7 32. dxe7 Qxe7 33. b5 axb5 34. axb5 c5 35. d5 Nxb5 36. Rb3 Nd4 37. Rxb6 exd5 38. Qxd5+ Kh8 39. e6 Rd8 40. Qh5 Rf8 41. Reb1 f3 42. gxf3 Nxf3+ 43. Kh1 g6 44. Qg4 Ne5 45. Qe2 Qf6 46. Rb8 Nc6 47. Rf1 Nxb8 48. Rxf6 Rxf6 49. Qe5 Kg7 50. e7 Nd7 51. Qc7 1-0

[Event "Wloclawek CC Classic 23rd"]
[Site "Wloclawek"]
[Date "2019.??.??"]
[Round "2"]
[White "Jeziorny, Janusz"]
[Black "Lebiedzinski, Maciej"]
[Result "1-0"]
[WhiteElo "1778"]
[BlackElo "1543"]
[PlyCount "69"]
[EventDate "2019.06.??"]
[EventType "swiss"]
[EventRounds "7"]
[EventCountry "POL"]
[SourceTitle "EXT 2021"]
[Source "ChessBase"]
[SourceDate "2020.10.23"]
[SourceVersion "1"]
[SourceVersionDate "2020.10.23"]
[SourceQuality "1"]

1. e4 c5 2. Nf3 d6 3. d4 cxd4 4. Nxd4 Nc6 5. Be3 Nf6 6. Nc3 Bd7 7. Be2 g6 8. Nb3 Bg7 9. 0-0 0-0 10. f4 Qc8 11. Qd2 Bg4 12. Bd3 Nb4 13. Rae1 Nxd3 14. cxd3 Be6 15. Nd4 Ng4 16. Nxe6 fxe6 17. Kh1 Nxe3 18. Qxe3 Bxc3 19. Rc1 Qd7 20. bxc3 b6 21. Qd4 Rac8 22. Qb4 Rc5 23. d4 Rh5 24. Rf3 Qc6 25. Re1 g5 26. Qb3 Qc8 27. f5 Rf6 28. e5 Rfh6 29. h3 d5 30. f6 exf6 31. exf6 g4 32. f7+ Kg7 33. f8Q+ Qxf8 34. Rxf8 gxh3 35. g4 1-0

[Event "Wloclawek CC Classic 23rd"]
[Site "Wloclawek"]
[Date "2019.??.??"]
[Round "1"]
[White "Lebiedzinski, Maciej"]
[Black "Czerwinska, Ewelina"]
[Result "1-0"]
[WhiteElo "1543"]
[BlackElo "1159"]
[PlyCount "64"]
[EventDate "2019.06.??"]
[EventType "swiss"]
[EventRounds "7"]
[EventCountry "POL"]
[SourceTitle "EXT 2021"]
[Source "ChessBase"]
[SourceDate "2020.10.23"]
[SourceVersion "1"]
[SourceVersionDate "2020.10.23"]
[SourceQuality "1"]

1. e4 e5 2. Nf3 Nc6 3. Bc4 Bc5 4. c3 Nf6 5. b4 Be7 6. b5 Na5 7. Nxe5 Nxc4 8. Nxc4 Nxe4 9. Qf3 d5 10. Ne5 0-0 11. 0-0 Be6 12. a4 a6 13. d3 Nc5 14. Ba3 axb5 15. axb5 Bd6 16. Re1 Qe8 17. c4 Qd8 18. d4 Nd7 19. Nxd7 Bxd7 20. c5 Be7 21. Nc3 c6 22. b6 Bf6 23. Ne2 Re8 24. Bb2 Rxa1 25. Rxa1 Re7 26. h3 Qe8 27. Re1 h6 28. Kf1 Re4 29. Bc3 Qa8 30. Ra1 Qe8 31. Ra2 g6 32. Qxf6 Rxe2 1-0

[Event "Wloclawek CC Classic 23rd"]
[Site "Wloclawek"]
[Date "2019.??.??"]
[Round "6"]
[White "Lebiedzinski, Maciej"]
[Black "Kaczynski, Maciej"]
[Result "1-0"]
[WhiteElo "1543"]
[BlackElo "1475"]
[PlyCount "97"]
[EventDate "2019.06.??"]
[EventType "swiss"]
[EventRounds "7"]
[EventCountry "POL"]
[SourceTitle "EXT 2021"]
[Source "ChessBase"]
[SourceDate "2020.10.23"]
[SourceVersion "1"]
[SourceVersionDate "2020.10.23"]
[SourceQuality "1"]

1. e4 g6 2. d4 e6 3. Nf3 c6 4. Bd3 d5 5. e5 f5 6. Bg5 Be7 7. Bxe7 Qxe7 8. Nbd2 b5 9. Nb3 Nd7 10. Qd2 h6 11. Qc3 Bb7 12. a3 Rc8 13. Na5 Nb6 14. Qc5 Rc7 15. b3 Qxc5 16. dxc5 Nd7 17. b4 g5 18. 0-0 Ne7 19. Rae1 Kf7 20. Nd4 a6 21. g3 Ba8 22. Re2 Rcc8 23. Rfe1 h5 24. Bxf5 Nxc5 25. bxc5 exf5 26. e6+ Kf6 27. Nf3 Rb8 28. Ne5 Rbe8 29. c3 Rh6 30. h3 g4 31. h4 f4 32. Nd7+ Kg7 33. Re5 f3 34. Nb6 Kf6 35. Nd7+ Kg7 36. Nb3 Bb7 37. Nd4 Rh7 38. Rg5+ Kh8 39. Nf6 Ra8 40. Nxh7 Kxh7 41. Rxh5+ Kg6 42. Rg5+ Kf6 43. Rxg4 a5 44. Rf4+ Kg6 45. Rxf3 b4 46. axb4 axb4 47. cxb4 Ra4 48. Rf7 Rxb4 49. Rxe7 1-0

[Event "Wloclawek CC Classic 21st"]
[Site "Wloclawek"]
[Date "2018.??.??"]
[Round "1"]
[White "Bychowska, Marta"]
[Black "Lebiedzinski, Maciej"]
[Result "1/2-1/2"]
[WhiteElo "1218"]
[BlackElo "1573"]
[PlyCount "61"]
[EventDate "2018.06.??"]
[EventType "swiss"]
[EventRounds "7"]
[EventCountry "POL"]
[SourceTitle "EXT 2021"]
[Source "ChessBase"]
[SourceDate "2020.10.23"]
[SourceVersion "1"]
[SourceVersionDate "2020.10.23"]
[SourceQuality "1"]

1. e4 c5 2. Nf3 d6 3. d4 cxd4 4. Nxd4 Nf6 5. Nc3 Nc6 6. Bb5 Bd7 7. Bxc6 bxc6 8. 0-0 g6 9. Be3 Bg7 10. h3 0-0 11. Qd2 Qc7 12. Bh6 Rfb8 13. Bxg7 Kxg7 14. b3 c5 15. Nf3 Bc6 16. Nd5 Bxd5 17. exd5 Qd7 18. c4 a5 19. Qc3 Kg8 20. a4 Ra7 21. Rfe1 Qf5 22. Rab1 Re8 23. Nd2 e5 24. dxe6 Rxe6 25. g4 Qf4 26. Rxe6 fxe6 27. Kf1 Ne4 28. Nxe4 Qxe4 29. Re1 Qh1+ 30. Ke2 Qe4+ 31. Kf1 1/2-1/2

[Event "Wloclawek CC Classic 21st"]
[Site "Wloclawek"]
[Date "2018.??.??"]
[Round "5"]
[White "Kaczynski, Maciej"]
[Black "Lebiedzinski, Maciej"]
[Result "1-0"]
[WhiteElo "1469"]
[BlackElo "1573"]
[PlyCount "57"]
[EventDate "2018.06.??"]
[EventType "swiss"]
[EventRounds "7"]
[EventCountry "POL"]
[SourceTitle "EXT 2021"]
[Source "ChessBase"]
[SourceDate "2020.10.23"]
[SourceVersion "1"]
[SourceVersionDate "2020.10.23"]
[SourceQuality "1"]

1. d4 d5 2. e3 e6 3. c4 c6 4. Nc3 Be7 5. b3 Nf6 6. f4 0-0 7. Nf3 Ne4 8. Bd2 Nxc3 9. Bxc3 Nd7 10. Bd3 Nf6 11. 0-0 Ne4 12. Be1 f5 13. Qc2 Rf6 14. c5 Rh6 15. Ne5 Bh4 16. g3 Bf6 17. Bxe4 dxe4 18. Rd1 Qd5 19. Nc4 g5 20. fxg5 Bxg5 21. h4 Be7 22. Rd2 Bd7 23. Rg2 Rf8 24. Qf2 Kh8 25. Qf4 Rh5 26. Qc7 Bf6 27. Qxb7 Rg8 28. Qxa7 Rh6 29. Nb6 1-0

[Event "Wloclawek-ch"]
[Site "Wloclawek"]
[Date "2018.??.??"]
[Round "8"]
[White "Kaczynski, Maciej"]
[Black "Lebiedzinski, Maciej"]
[Result "0-1"]
[WhiteElo "1469"]
[BlackElo "1533"]
[PlyCount "98"]
[EventDate "2018.09.??"]
[EventType "swiss"]
[EventRounds "9"]
[EventCountry "POL"]
[SourceTitle "EXT 2021"]
[Source "ChessBase"]
[SourceDate "2020.10.23"]
[SourceVersion "1"]
[SourceVersionDate "2020.10.23"]
[SourceQuality "1"]

1. f4 Nf6 2. Nf3 d5 3. d4 Bg4 4. Ne5 Bf5 5. e3 h5 6. h3 Ne4 7. Bd3 Ng3 8. Rg1 e6 9. Bxf5 Nxf5 10. Qf3 Qh4+ 11. Kd1 Bd6 12. Bd2 Bxe5 13. Be1 Qe7 14. fxe5 Nc6 15. a3 0-0-0 16. Nd2 g5 17. Nb3 g4 18. hxg4 hxg4 19. Qf4 b6 20. Kd2 Rdg8 21. c3 g3 22. Kc2 Rh4 23. Qf3 Qg5 24. Bd2 a5 25. Rae1 Re4 26. Nc1 Qg6 27. Nd3 Rxd4 28. exd4 Ncxd4+ 29. cxd4 Nxd4+ 30. Kc3 Nxf3 31. gxf3 c5 32. Rg2 Qh5 33. Rf1 c4 34. Ne1 Qxe5+ 35. Kc2 d4 36. Rfg1 Qb5 37. Bf4 Qb3+ 38. Kc1 Qa2 39. Nc2 d3 40. Nd4 Qa1+ 41. Kd2 Qxb2+ 42. Ke3 Qxa3 43. Rxg3 Rxg3 44. Rxg3 d2+ 45. Ke4 Qd3+ 46. Ke5 f6+ 47. Kxe6 Qxd4 48. Rg8+ Kb7 49. Rg7+ Ka6 0-1

[Event "Wloclawek-ch"]
[Site "Wloclawek"]
[Date "2018.??.??"]
[Round "1"]
[White "Lebiedzinski, Maciej"]
[Black "Czekalski, Pawel"]
[Result "1-0"]
[WhiteElo "1533"]
[BlackElo "1148"]
[PlyCount "47"]
[EventDate "2018.09.??"]
[EventType "swiss"]
[EventRounds "9"]
[EventCountry "POL"]
[SourceTitle "EXT 2021"]
[Source "ChessBase"]
[SourceDate "2020.10.23"]
[SourceVersion "1"]
[SourceVersionDate "2020.10.23"]
[SourceQuality "1"]

1. e4 Nc6 2. Nf3 b6 3. d4 d5 4. exd5 Qxd5 5. Nc3 Qa5 6. Bd2 a6 7. a3 Qf5 8. Bd3 Qe6+ 9. Be3 Qd6 10. Ne4 Qd8 11. c4 Bf5 12. d5 Nb8 13. Nh4 Bxe4 14. Bxe4 Nf6 15. Bc2 Nbd7 16. Ba4 e6 17. dxe6 fxe6 18. Bc6 Ra7 19. Bg5 Be7 20. Bxf6 Bxf6 21. Qh5+ Ke7 22. 0-0-0 g6 23. Qh6 Bxh4 24. Qg7+ 1-0

[Event "Wloclawek-ch"]
[Site "Wloclawek"]
[Date "2017.??.??"]
[Round "5"]
[White "Augustowski, Janusz"]
[Black "Lebiedzinski, Maciej"]
[Result "1-0"]
[WhiteElo "1804"]
[BlackElo "1522"]
[PlyCount "115"]
[EventDate "2017.10.??"]
[EventType "swiss"]
[EventRounds "9"]
[EventCountry "POL"]
[SourceTitle "EXT 2021"]
[Source "ChessBase"]
[SourceDate "2020.10.23"]
[SourceVersion "1"]
[SourceVersionDate "2020.10.23"]
[SourceQuality "1"]

1. d4 d5 2. c4 e6 3. Nc3 Nf6 4. Nf3 Be7 5. g3 0-0 6. Bg2 Nbd7 7. 0-0 c6 8. cxd5 exd5 9. Qc2 Re8 10. b3 Nf8 11. Ne5 Bd6 12. f4 Qb6 13. e3 Be6 14. Na4 Qc7 15. Bb2 Rac8 16. Rac1 g6 17. Nc3 Bf5 18. Qe2 Qb6 19. Na4 Qd8 20. Nc5 Rc7 21. h3 Bc8 22. Kh2 b6 23. Na6 Bxa6 24. Qxa6 Qc8 25. Qd3 N6d7 26. e4 f6 27. Nxd7 Qxd7 28. exd5 cxd5 29. Bxd5+ Kg7 30. Bc4 Qd8 31. Bb5 Nd7 32. Qf3 Rxc1 33. Rxc1 Re6 34. Rc2 Nf8 35. Qd5 Qe7 36. Bc4 Re1 37. Kg2 Ne6 38. Bc3 Re3 39. Kf2 Bxf4 40. gxf4 Nxf4 41. Qf7+ Qxf7 42. Bxf7 Rxh3 43. Bd2 Kxf7 44. Bxf4 g5 45. Bb8 Rd3 46. Bxa7 Rxd4 47. Bxb6 Rd7 48. Rc7 Ke6 49. Rxd7 Kxd7 50. Kf3 h5 51. Be3 Ke6 52. b4 Kf5 53. b5 h4 54. b6 g4+ 55. Kg2 Ke4 56. Bc1 f5 57. b7 f4 58. Bxf4 1-0

[Event "Wloclawek CC Classic 19th"]
[Site "Wloclawek"]
[Date "2017.??.??"]
[Round "4"]
[White "Jeziorny, Janusz"]
[Black "Lebiedzinski, Maciej"]
[Result "1-0"]
[WhiteElo "1814"]
[BlackElo "1537"]
[PlyCount "65"]
[EventDate "2017.06.??"]
[EventType "swiss"]
[EventRounds "7"]
[EventCountry "POL"]
[SourceTitle "EXT 2021"]
[Source "ChessBase"]
[SourceDate "2020.10.23"]
[SourceVersion "1"]
[SourceVersionDate "2020.10.23"]
[SourceQuality "1"]

1. e4 e5 2. Nf3 d6 3. d4 exd4 4. Nxd4 Nf6 5. Nc3 Be7 6. Be2 0-0 7. 0-0 Bd7 8. f4 Nc6 9. Nb3 a6 10. Bf3 Rb8 11. Nd5 Re8 12. g4 h6 13. g5 hxg5 14. fxg5 Nh7 15. h4 Ne5 16. Nd4 Bxg5 17. hxg5 Nxg5 18. Bg2 Bg4 19. Bxg5 Qxg5 20. Qc1 Qh5 21. Qf4 c6 22. Ne3 Bd7 23. Ndf5 Re6 24. Ng3 Qg6 25. Nef5 Rbe8 26. Rad1 Rf6 27. Qh4 d5 28. Nh5 dxe4 29. Nxf6+ gxf6 30. Rxd7 Nf3+ 31. Rxf3 exf3 32. Ne7+ Rxe7 33. Rd8+ 1-0

[Event "Wloclawek-ch"]
[Site "Wloclawek"]
[Date "2017.??.??"]
[Round "9"]
[White "Jeziorny, Janusz"]
[Black "Lebiedzinski, Maciej"]
[Result "1-0"]
[WhiteElo "1754"]
[BlackElo "1522"]
[PlyCount "103"]
[EventDate "2017.10.??"]
[EventType "swiss"]
[EventRounds "9"]
[EventCountry "POL"]
[SourceTitle "EXT 2021"]
[Source "ChessBase"]
[SourceDate "2020.10.23"]
[SourceVersion "1"]
[SourceVersionDate "2020.10.23"]
[SourceQuality "1"]

1. e4 c5 2. Nf3 d6 3. d4 cxd4 4. Nxd4 Nf6 5. Nc3 Nc6 6. Bc4 Bd7 7. Bb3 g6 8. Be3 Bg7 9. f3 0-0 10. Qd2 a6 11. 0-0-0 Nxd4 12. Bxd4 Rc8 13. h4 h5 14. Kb1 b5 15. e5 dxe5 16. Bxe5 Bc6 17. Qg5 Qe8 18. Qxg6 a5 19. Bxf6 exf6 20. Rhe1 a4 21. Rxe8 Rcxe8 22. Qxh5 axb3 23. axb3 Re5 24. Qg4 f5 25. Qf4 Rfe8 26. g4 fxg4 27. fxg4 Bf8 28. Rf1 R8e7 29. g5 b4 30. Na4 Bxa4 31. bxa4 Ra5 32. Qf6 Rxa4 33. g6 Raa7 34. gxf7+ Rxf7 35. Qe6 Rae7 36. Qg4+ Bg7 37. Rxf7 Rxf7 38. Qxb4 Rf1+ 39. Ka2 Rf8 40. Qc4+ Kh8 41. b4 Ra8+ 42. Kb3 Ra1 43. Qc8+ Kh7 44. c4 Rb1+ 45. Ka4 Ra1+ 46. Kb5 Re1 47. Qf5+ Kh8 48. c5 Re5 49. Qxe5 Bxe5 50. Kc6 Kg7 51. b5 Kf8 52. Kd7 1-0

[Event "Wloclawek CC Classic 19th"]
[Site "Wloclawek"]
[Date "2017.??.??"]
[Round "1"]
[White "Lebiedzinski, Maciej"]
[Black "Sivickis, Kornelia"]
[Result "1-0"]
[WhiteElo "1537"]
[BlackElo "1105"]
[PlyCount "61"]
[EventDate "2017.06.??"]
[EventType "swiss"]
[EventRounds "7"]
[EventCountry "POL"]
[SourceTitle "EXT 2021"]
[Source "ChessBase"]
[SourceDate "2020.10.23"]
[SourceVersion "1"]
[SourceVersionDate "2020.10.23"]
[SourceQuality "1"]

1. e4 d5 2. exd5 Qxd5 3. Nc3 Qa5 4. Nf3 c6 5. Be2 Nf6 6. 0-0 Bf5 7. d3 e6 8. Bd2 Nbd7 9. a3 Be7 10. Ne4 Qc7 11. Ng3 Bg6 12. b4 0-0-0 13. c4 Kb8 14. a4 h5 15. Nh4 Ng4 16. Nxg6 fxg6 17. h3 Nxf2 18. Rxf2 Qxg3 19. Bf4+ Qxf4 20. Rxf4 Bxb4 21. Rb1 Bc5+ 22. d4 Nf6 23. Qb3 Bxd4+ 24. Rxd4 b5 25. Rxd8+ Rxd8 26. axb5 Kc7 27. bxc6 Kxc6 28. Qb5+ Kc7 29. Qb7+ Kd6 30. Rd1+ Kc5 31. Qb5# 1-0

[Event "Wloclawek CC Classic 15th"]
[Site "Wloclawek"]
[Date "2016.??.??"]
[Round "4"]
[White "Czerwinska, Ewelina"]
[Black "Lebiedzinski, Maciej"]
[Result "0-1"]
[WhiteElo "1191"]
[BlackElo "1575"]
[PlyCount "54"]
[EventDate "2016.01.??"]
[EventType "swiss"]
[EventRounds "7"]
[EventCountry "POL"]
[SourceTitle "EXT 2021"]
[Source "ChessBase"]
[SourceDate "2020.10.23"]
[SourceVersion "1"]
[SourceVersionDate "2020.10.23"]
[SourceQuality "1"]

1. e4 c5 2. Nf3 d6 3. g3 Nc6 4. Bg2 g6 5. 0-0 Bg7 6. c3 Nf6 7. d3 0-0 8. h3 Bd7 9. Nh2 Qb6 10. Kh1 e5 11. Nd2 Qc7 12. Qc2 b5 13. b4 Rac8 14. bxc5 dxc5 15. Bb2 Be6 16. Nhf3 h6 17. Nb3 Nd7 18. Ba3 Qb6 19. Rac1 Rfd8 20. Nbd2 b4 21. Bb2 a5 22. Nc4 Bxc4 23. dxc4 Qa6 24. Rfd1 Qxc4 25. Bf1 Qe6 26. cxb4 Nxb4 27. Bc4 Qxh3+ 0-1

[Event "Wloclawek CC Classic 17th"]
[Site "Wloclawek"]
[Date "2016.??.??"]
[Round "5"]
[White "Janik, Krystian"]
[Black "Lebiedzinski, Maciej"]
[Result "1-0"]
[WhiteElo "1883"]
[BlackElo "1565"]
[PlyCount "61"]
[EventDate "2016.06.??"]
[EventType "swiss"]
[EventRounds "7"]
[EventCountry "POL"]
[SourceTitle "EXT 2021"]
[Source "ChessBase"]
[SourceDate "2020.10.23"]
[SourceVersion "1"]
[SourceVersionDate "2020.10.23"]
[SourceQuality "1"]

1. d4 d5 2. c3 g6 3. Bf4 Bg7 4. Nd2 Nf6 5. Ngf3 Nc6 6. e3 0-0 7. Bd3 Bd7 8. 0-0 Nh5 9. Re1 Nxf4 10. exf4 e6 11. a4 b6 12. Ne5 Nxe5 13. fxe5 f5 14. Qe2 c6 15. b4 Qe7 16. Nb3 Rf7 17. a5 b5 18. Nc5 a6 19. f4 Ra7 20. Kh1 Bc8 21. Rg1 Bf8 22. Bc2 Qh4 23. Nd3 h5 24. Raf1 Qg4 25. Qe3 Rh7 26. g3 Rag7 27. Nf2 Rh6 28. Bd1 Rgh7 29. Kg2 h4 30. Bxg4 hxg3 31. hxg3 1-0

[Event "Wloclawek CC Classic 15th"]
[Site "Wloclawek"]
[Date "2016.??.??"]
[Round "2"]
[White "Kaczynski, Maciej"]
[Black "Lebiedzinski, Maciej"]
[Result "1-0"]
[WhiteElo "1573"]
[BlackElo "1575"]
[PlyCount "91"]
[EventDate "2016.01.??"]
[EventType "swiss"]
[EventRounds "7"]
[EventCountry "POL"]
[SourceTitle "EXT 2021"]
[Source "ChessBase"]
[SourceDate "2020.10.23"]
[SourceVersion "1"]
[SourceVersionDate "2020.10.23"]
[SourceQuality "1"]

1. f4 e5 2. d4 e4 3. e3 d5 4. c4 c6 5. Nc3 Nf6 6. cxd5 cxd5 7. Bb5+ Nc6 8. h3 Bb4 9. Bd2 Bxc3 10. Bxc3 0-0 11. g4 Qb6 12. Be2 Nb4 13. g5 Ne8 14. a3 Nc6 15. h4 Na5 16. Bb4 Nd6 17. b3 Rd8 18. Rb1 Nf5 19. Kf2 Nc6 20. Bc5 Qc7 21. a4 b6 22. Ba3 Bb7 23. Bg4 Nfxd4 24. exd4 Qxf4+ 25. Kg2 Nxd4 26. Nh3 Qe5 27. Bb2 e3 28. Qxd4 Qxd4 29. Bxd4 Re8 30. Bf3 Rac8 31. Rb2 Rc7 32. Re1 Rce7 33. Rbe2 Ba6 34. Rxe3 Rxe3 35. Rxe3 Rxe3 36. Bxe3 Bb7 37. Bd4 h6 38. Nf4 hxg5 39. hxg5 Kh7 40. b4 Bc6 41. b5 Bb7 42. Bxd5 Bxd5+ 43. Nxd5 Kg6 44. Be3 f6 45. gxf6 gxf6 46. Ne7+ 1-0